perus räppäri- VJ - Statistics

Yleistilastot
  • Tätä visaa on pelattu 60 kertaa
  • Keskiarvotulos 130 / 286
Vastaustilastot
Vastaus % Oikein
perus
92%
räppäri
92%
ei
85%
85%
85%
must
81%
tullu
81%
en
77%
lääkärii
77%
a
73%
paha
73%
poika
73%
se
65%
haluu
62%
ja
62%
Ja
62%
on
58%
träppäri
58%
vaa
58%
futarii
54%
hymyilen
54%
I
54%
jälkkärii
54%
paljon
54%
baby
50%
me
50%
mieles
50%
murha
50%
mut
50%
50%
vaan
50%
osta
46%
räppärii
46%
valkkarii
46%
with
46%
deittaa
42%
deittää
42%
oon
42%
ostan
42%
mutkaa
38%
bitch
35%
bro
35%
kaks
35%
Louis V
35%
mul
35%
bunda
31%
gun
31%
ketää
31%
oli
31%
lunta
27%
mun
27%
sääli
27%
Välil
27%
välil
27%
white
27%
yea
27%
Yea
27%
äijä
23%
boogie
23%
broidi
23%
fuck
23%
it
23%
jotain
23%
keikkaa
23%
kiusaa
23%
laulan
23%
lempi
23%
man
23%
mennää
23%
mikä
23%
mulki
23%
niinku
23%
säkeis
23%
shottaa
23%
sulle
23%
sun
23%
yo
23%
You
23%
you
23%
älä
19%
dance
19%
get
19%
kosk
19%
melody
19%
niiku
19%
oot
19%
the
19%
tiukkaa
19%
babe
15%
Beach
15%
caramel
15%
choco
15%
come
15%
haluut
15%
jaksa
15%
joten
15%
like
15%
meen
15%
take
15%
to
15%
Venice
15%
vien
15%
wafflaa
15%
aito
12%
criminal
12%
dates
12%
drake
12%
eikä
12%
five
12%
hoodie
12%
how
12%
joka
12%
just
12%
kysy
12%
live
12%
money
12%
no
12%
sanoo
12%
star
12%
Tennessee
12%
välillä
12%
veijat
12%
aamu
8%
brake
8%
chill
8%
cocky
8%
fucking
8%
Henessyy
8%
herään
8%
huoli
8%
kaasuu
8%
painan
8%
robin
8%
skippaa
8%
sut
8%
vitun
8%
batman
4%
beibs
4%
Glock19
4%
have
4%
ihme
4%
make
4%
miks
4%
whine
0%
Ehtoja vastaavia visoja ei löytynyt
Tulosjakauma
Jokaisen tuloksen saaneiden osuus
Persentiili vastausten määrän mukaan
Tuloshistoriasi
Et ole pelannut tätä visaa